Architectural composition (Record no. 10538)

000 -LEADER
fixed length control field 00336nam a2200145Ia 4500
003 - CONTROL NUMBER IDENTIFIER
control field OSt
005 - DATE AND TIME OF LATEST TRANSACTION
control field 20220330130735.0
008 - FIXED-LENGTH DATA ELEMENTS--GENERAL INFORMATION
fixed length control field 220318s9999 xx 000 0 und d
020 ## - INTERNATIONAL STANDARD BOOK NUMBER
International Standard Book Number 9783936681390
082 ## - DEWEY DECIMAL CLASSIFICATION NUMBER
Classification number 729
100 ## - MAIN ENTRY--PERSONAL NAME
Personal name Krier, Rob
245 #0 - TITLE STATEMENT
Title Architectural composition
260 ## - PUBLICATION, DISTRIBUTION, ETC. (IMPRINT)
Name of publisher, distributor, etc Edition Axel Menges
Date of publication, distribution, etc 2010
942 ## - ADDED ENTRY ELEMENTS (KOHA)
Source of classification or shelving scheme
Holdings
Withdrawn status Lost status Source of classification or shelving scheme Damaged status Koha normalized classification for sorting Not for loan Permanent location Current location Date acquired Source of acquisition Cost, normal purchase price Full call number Barcode Date last seen Cost, replacement price Price effective from Koha item type
        729_000000000000000   BMS College of Architecture, Design and Planning BMS College of Architecture, Design and Planning 2022-03-28 6 5398.82 729 AR-UG2634 2022-03-30 7712.60 2022-03-30 UG Books
Copyright © 2025, The Librarian, Library and Information Centre, BMSCA D&P, Bengaluru. All Rights Reserved
web counter

Powered by Koha